| 000 | 00594nam a22001697a 4500 | ||
|---|---|---|---|
| 003 | NUST | ||
| 038 | _aNusrat Nadeem | ||
| 082 | _a200 | ||
| 100 |
_aZain, Muhammad _9123787 |
||
| 245 |
_aA Modified Framework for Seismic Fragility Assessment of School Buildings in High-Intensity Seismic Zones of Pakistan/ _cMuhammad Zain |
||
| 264 |
_aIslamabad; _bSCEE NUST; _c2022. |
||
| 300 |
_a119,p; _bill; _c30,cm. |
||
| 650 |
_aPhD- Structural Engineering _9123171 |
||
| 700 |
_aSupervisor:Dr.Muhammad Usman _9123788 |
||
| 856 | _uhttp://10.250.8.41:8080/xmlui/handle/123456789/40124 | ||
| 942 |
_2ddc _cSC |
||
| 999 |
_c609863 _d609863 |
||